000
00276nam a22001217a 4500
008
170424b xxu||||| |||| 00| 0 eng d
041
_a
eng
080
_2
7TH
_a
543
100
_a
12
101
_a
SHM
245
_a
B.D.H REAGENTS FOR DELICATE ANALYSIS
_c
B.D.H
942
_2
udc
_c
BK
999
_c
11824
_d
11824